000 00339nam a2200169Ia 4500
100 _aDieter/G.E
650 _aMetallurgy
942 _cBK
366 _f25
654 _ametallurgy
245 _aMechanical Metallurgy
260 _bMcGraw Hill
_c1928
082 _a620.1123
_bDIE
300 _a751
546 _aENGLISH
999 _c22099
_d22099